000 00536nam a2200121Ia 4500
008 171212s9999 xx 000 0 und d
020 _a9781921666360
245 _ceditor Bammer, Gabriele
_aDealing with Uncertainties in Policing Serious Crime
260 _bANU E Press
_c2010
650 _aCriminal justice, Administration of -- Australia Evidence, Criminal -- Australia; Burden of proof -- Australia; Criminal investigation -- Australia; Criminal law -- Australia
650 _aLaw
856 _uwww.jstor.org/stable/10.2307/j.ctt24hbrf
999 _c351064
_d351064